[Event "Kreis-Mitte-EM"]
[Site "Zirndorf"]
[Date "2016.01.03"]
[Round "2.12"]
[White "Babichev, Vyacheslav"]
[Black "Berg, Winfried"]
[Result "1-0"]
[WhiteElo "1712"]
[BlackElo "1631"]
[PlyCount "111"]
[EventDate "2016.??.??"]
[WhiteTeam "SW Nürnberg Süd"]
[BlackTeam "SW Nürnberg Süd"]

1. Nf3 Nf6 2. Nc3 d5 3. d4 Bf5 4. e3 e6 5. a3 Nbd7 6. Nh4 Bg6 7. Be2 c6 8. O-O
Bd6 9. Bd2 Ne4 10. Nxe4 dxe4 11. g3 f5 12. Bh5 Qg5 13. Be2 Bf7 14. Ng2 h5 15.
Kh1 Qh6 16. f4 g5 17. Be1 Be7 18. Bb4 Bf6 19. Bd6 g4 20. Nh4 O-O-O 21. Qd2 Nf8
22. Qb4 Ng6 23. Nxg6 Qxg6 24. Be7 Rd7 25. Bxf6 Qxf6 26. Qc5 h4 27. Kg2 Kb8 28.
Qe5+ Qxe5 29. fxe5 h3+ 30. Kh1 Rc8 31. c3 c5 32. Rf2 Rdc7 33. Raf1 Be8 34. d5
exd5 35. Rxf5 d4 36. Bxg4 Bd7 37. R5f4 Bxg4 38. Rxg4 dxe3 39. Rxe4 Rd7 40. Rxe3
Rd2 41. b3 Rcd8 42. e6 Kc8 43. e7 Re8 44. Rfe1 Kd7 45. g4 Rg2 46. Rd1+ Kc7 47.
Rg1 Rxg1+ 48. Kxg1 Kd7 49. Kf2 b5 50. Kg3 a5 51. Kxh3 b4 52. a4 bxc3 53. Rxc3
Rxe7 54. Rxc5 Re3+ 55. Kh4 Rxb3 56. Rxa5 1-0

[Event "Kreis-Mitte-EM"]
[Site "Zirndorf"]
[Date "2016.01.03"]
[Round "2.13"]
[White "Wieczorek, Heinz"]
[Black "Diebel, Günter"]
[Result "1-0"]
[WhiteElo "1630"]
[BlackElo "1700"]
[PlyCount "151"]
[EventDate "2016.??.??"]
[WhiteTeam "SW Nürnberg Süd"]
[BlackTeam "SW Nürnberg Süd"]

1. e4 c5 2. Nf3 Nc6 3. d4 cxd4 4. Nxd4 e5 5. Nb5 Qa5+ 6. N1c3 a6 7. Nd6+ Bxd6
8. Qxd6 Qb4 9. Qd3 Nf6 10. a3 Qe7 11. Bg5 Qe6 12. Nd5 Nxd5 13. exd5 Qg4 14. Qe3
f6 15. dxc6 Qxg5 16. Qxg5 fxg5 17. cxd7+ Bxd7 18. Bd3 Bc6 19. O-O Kf7 20. Rfe1
Kf6 21. Re2 Rhe8 22. Rae1 Rad8 23. Re3 b5 24. Kf1 h5 25. Kg1 e4 26. Bf1 Kf5 27.
Rc3 Re6 28. f3 Rdd6 29. fxe4+ Bxe4 30. Rc5+ Rd5 31. Rxd5+ Bxd5 32. Rxe6 Bxe6
33. Kf2 Ke4 34. Bd3+ Kd4 35. Ke2 h4 36. c3+ Ke5 37. Ke3 g4 38. g3 g5 39. a4 Bc4
40. axb5 axb5 41. Bc2 Bd5 42. Bd1 Be6 43. Bc2 Bd5 44. Bd1 Be6 45. Be2 Bd7 46.
b3 Be6 47. Bxb5 Bxb3 48. Bd7 Bd1 49. Kd2 Bf3 50. Ke3 Kd5 51. Bb5 Kc5 52. Be2
Bxe2 53. Kxe2 Kc4 54. Kd2 Kc5 55. Kd3 Kd5 56. c4+ Kc6 57. Kd4 Kd6 58. c5+ Kc7
59. Kd5 Kd7 60. Ke5 Kc6 61. Kd4 Kc7 62. Kd5 Kd7 63. c6+ Kc7 64. Kc5 Kc8 65. Kd6
Kd8 66. Kc5 Kc7 67. Kd5 Kc8 68. Ke5 Kc7 69. Kf5 Kxc6 70. Kxg4 Kd6 71. Kxg5 hxg3
72. hxg3 Ke7 73. Kg6 Kf8 74. g4 Kg8 75. g5 Kh8 76. Kf7 1-0

[Event "Kreis-Mitte-EM"]
[Site "Zirndorf"]
[Date "2016.01.03"]
[Round "2.14"]
[White "Weißmann, Peter"]
[Black "Münzenberg, Dietrich"]
[Result "1/2-1/2"]
[WhiteElo "1687"]
[BlackElo "1627"]
[PlyCount "92"]
[EventDate "2016.??.??"]
[WhiteTeam "SK Zirndorf"]
[BlackTeam "Zabo-Eintracht N."]

1. e4 c6 2. d4 d5 3. Nc3 dxe4 4. Nxe4 Nd7 5. Nf3 Ngf6 6. Bd3 Nxe4 7. Bxe4 Nf6
8. Bd3 Bg4 9. Be3 e6 10. h3 Bh5 11. g4 Bg6 12. Bxg6 hxg6 13. Qd3 Nxg4 14. O-O-O
Nf6 15. Ne5 Qe7 16. c4 O-O-O 17. Qb3 Nd7 18. f4 Nxe5 19. fxe5 Qb4 20. Qc2 Kb8
21. Rd3 Be7 22. a3 Qa5 23. b4 Qc7 24. Rf1 Bh4 25. Bf4 Rh5 26. Rfd1 Rf5 27. Be3
Rf3 28. Bg1 Rxd3 29. Rxd3 f6 30. exf6 gxf6 31. Bh2 e5 32. dxe5 Rxd3 33. Qxd3
fxe5 34. Qxg6 Qe7 35. c5 Kc7 36. Kc2 Bf6 37. Qe4 Qd7 38. Bxe5+ Bxe5 39. Qxe5+
Kc8 40. Qh8+ Kc7 41. Qe5+ Kc8 42. Qe4 Qxh3 43. Qe8+ Kc7 44. Qe5+ Kc8 45. Qe8+
Kc7 46. Qe5+ Kc8 1/2-1/2

[Event "Kreis-Mitte-EM"]
[Site "Zirndorf"]
[Date "2016.01.03"]
[Round "2.15"]
[White "Walch, Roger"]
[Black "Müller, Ludwig"]
[Result "1-0"]
[WhiteElo "1617"]
[BlackElo "1679"]
[PlyCount "93"]
[EventDate "2016.??.??"]
[WhiteTeam "SW Nürnberg Süd"]
[BlackTeam "SGem Nürnberg 1978"]

1. e4 b6 2. d4 Bb7 3. Bd3 e6 4. Nf3 Nf6 5. Qe2 d5 6. e5 Ne4 7. Nbd2 Nxd2 8.
Bxd2 Be7 9. O-O Nd7 10. c3 c5 11. Rac1 c4 12. Bc2 b5 13. a4 a6 14. b3 O-O 15.
bxc4 dxc4 16. Rb1 Bc6 17. Ra1 Nb6 18. a5 Bxf3 19. Qxf3 Nd5 20. Qh3 g6 21. Bh6
Re8 22. f4 f5 23. exf6 Bxf6 24. g4 Qd7 25. Rae1 Bg7 26. Bxg7 Qxg7 27. g5 Qf7
28. Qg3 Ne7 29. h4 Nf5 30. Qh3 Ra7 31. h5 Rd7 32. Re5 Ng7 33. hxg6 hxg6 34. Qh6
Nf5 35. Bxf5 exf5 36. Rfe1 Rxe5 37. Rxe5 Rd8 38. Kf2 b4 39. cxb4 Rxd4 40. Rc5
Rxf4+ 41. Kg3 Rg4+ 42. Kh3 Re4 43. Rc8+ Re8 44. Rc6 Re3+ 45. Kh2 Re2+ 46. Kg1
Re8 47. Rxg6+ 1-0

[Event "Kreis-Mitte-EM"]
[Site "Zirndorf"]
[Date "2016.01.03"]
[Round "2.16"]
[White "Effenberg, Michael"]
[Black "Lingl, Peter"]
[Result "1-0"]
[WhiteElo "1673"]
[BlackElo "1449"]
[PlyCount "57"]
[EventDate "2016.??.??"]
[WhiteTeam "SC  JÄKLECHEMIE"]
[BlackTeam "SC  JÄKLECHEMIE"]

1. d4 Nf6 2. c4 e5 3. e3 e4 4. Nc3 d5 5. cxd5 Bb4 6. Qa4+ c6 7. Qxb4 cxd5 8.
Bb5+ Nbd7 9. Nge2 a6 10. Bxd7+ Bxd7 11. Qxb7 O-O 12. Nxd5 Bb5 13. Nxf6+ Qxf6
14. Nc3 Bd3 15. Nxe4 Qg6 16. Nc5 Rab8 17. Qf3 Bb5 18. a4 Be8 19. h4 Bc6 20. d5
Be8 21. h5 Qc2 22. Ne4 Rb4 23. Rh4 Rxa4 24. Nf6+ Kh8 25. Rhxa4 Bxa4 26. h6 g6
27. Nd7 Rg8 28. Ne5 f5 29. Nf7# 1-0

[Event "Kreis-Mitte-EM"]
[Site "Zirndorf"]
[Date "2016.01.03"]
[Round "2.17"]
[White "Albayrak, Aylin"]
[Black "Hauck, Martin"]
[Result "1-0"]
[WhiteElo "1646"]
[BlackElo "1053"]
[PlyCount "63"]
[EventDate "2016.??.??"]
[WhiteTeam "Zabo-Eintracht Nürnberg"]
[BlackTeam "SC N-T Nürnberg"]

1. d4 d5 2. c4 dxc4 3. e4 e5 4. d5 Nf6 5. Nc3 Bb4 6. Qa4+ Nc6 7. dxc6 Bxc3+ 8.
bxc3 O-O 9. Ba3 Re8 10. Rd1 Qxd1+ 11. Qxd1 Bg4 12. f3 Be6 13. Be2 b6 14. Nh3 h6
15. O-O g5 16. Qa4 g4 17. Nf2 h5 18. Bxc4 gxf3 19. gxf3 b5 20. Bxb5 Bxa2 21. c4
Nh7 22. Bb2 Ng5 23. Nd3 Red8 24. Nxe5 Nh3+ 25. Kh1 Rd2 26. Qxa2 Rad8 27. Nd7
Nf2+ 28. Rxf2 Rxf2 29. c5 Rxf3 30. Bf6 Re8 31. Qg2+ Kh7 32. Qg7# 1-0

[Event "Kreis-Mitte-EM"]
[Site "Zirndorf"]
[Date "2016.01.03"]
[Round "2.18"]
[White "Kocak, Ediz"]
[Black "Hahn, Thomas"]
[Result "0-1"]
[WhiteElo "1567"]
[BlackElo "1637"]
[PlyCount "134"]
[EventDate "2016.??.??"]
[WhiteTeam "SW Nürnberg Süd"]
[BlackTeam "Zabo-Eintracht Nürnberg"]

1. Nf3 c5 2. c4 g6 3. g3 Bg7 4. Bg2 Nf6 5. Nc3 O-O 6. e3 Nc6 7. d4 d5 8. cxd5
Nxd5 9. Qb3 Nxc3 10. bxc3 Na5 11. Qb5 cxd4 12. cxd4 Bd7 13. Qb4 Rc8 14. Bd2 b6
15. O-O Bf5 16. Rfc1 Qd7 17. Rxc8 Rxc8 18. Rc1 Rxc1+ 19. Bxc1 Qc7 20. Ba3 Bf8
21. Ne1 Qc4 22. Qxc4 Nxc4 23. Bc1 Bb1 24. a4 Ba2 25. Nd3 Bb3 26. Bc6 e6 27. Kf1
Bd6 28. Ke2 e5 29. dxe5 Nxe5 30. Nxe5 Bxe5 31. Ba3 f5 32. f4 Bc4+ 33. Kd2 Bf6
34. Bd6 a6 35. Bb7 Kf7 36. Bc7 Ke6 37. Bxb6 Kd6 38. e4 fxe4 39. Bxe4 Bb3 40. a5
Bc4 41. Ke3 Bc3 42. h4 Be1 43. Kf3 Bd5 44. Bxd5 Kxd5 45. Bd8 h5 46. g4 Bd2 47.
gxh5 gxh5 48. f5 Ke5 49. f6 Ke6 50. Ke4 Be1 51. Kd4 Kf7 52. Kc5 Bxh4 53. Bc7
Bf2+ 54. Kc6 Kxf6 55. Bb6 Be1 56. Kb7 h4 57. Kxa6 h3 58. Bg1 Kf5 59. Kb7 Bxa5
60. Bh2 Kg4 61. Kc6 Kf3 62. Kd5 Kg2 63. Be5 Be1 64. Ke4 Bg3 65. Ke3 Bxe5 66.
Ke4 h2 67. Kd3 h1=Q 0-1

[Event "Kreis-Mitte-EM"]
[Site "Zirndorf"]
[Date "2016.01.03"]
[Round "3.1"]
[White "Fuchs, Gerhard"]
[Black "Mantel, Ruben"]
[Result "0-1"]
[WhiteElo "2052"]
[BlackElo "1901"]
[PlyCount "102"]
[EventDate "2016.??.??"]
[WhiteTeam "SK Nürnberg"]
[BlackTeam "Zabo-Eintracht N."]

1. e4 e6 2. Nc3 d5 3. Nf3 dxe4 4. Nxe4 Nd7 5. d4 Ngf6 6. Nxf6+ Nxf6 7. Bg5 Be7
8. Bd3 O-O 9. O-O b6 10. c4 Bb7 11. Ne5 h6 12. Be3 Bd6 13. Qe2 c5 14. Rad1 Qc7
15. f4 Rad8 16. Kh1 h5 17. Qe1 Bxe5 18. dxe5 Ng4 19. Bg1 g6 20. Qg3 Kg7 21. Be2
Nh6 22. Qg5 Nf5 23. Bxh5 Qe7 24. Qxe7 Nxe7 25. Be2 Nf5 26. Bf2 Be4 27. Kg1 Bc2
28. Rxd8 Rxd8 29. Rc1 Rd2 30. Bf3 Bd3 31. Rc3 Be2 32. Bxe2 Rxe2 33. g4 Nd4 34.
b4 Rxa2 35. Bxd4 cxd4 36. Rd3 Ra4 37. Rxd4 Rxb4 38. Kf2 b5 39. Ke3 bxc4 40. Kd2
Rb2+ 41. Kc3 Rxh2 42. Rxc4 g5 43. f5 exf5 44. gxf5 Rh3+ 45. Kd2 Rf3 46. f6+ Kg6
47. Ra4 Rf5 48. Ra5 g4 49. Kd3 g3 50. Rxa7 g2 51. Ra8 Kh7 0-1

[Event "Kreis-Mitte-EM"]
[Site "Zirndorf"]
[Date "2016.01.03"]
[Round "3.2"]
[White "Leis, Stefan"]
[Black "Erlbeck, Peter"]
[Result "1/2-1/2"]
[WhiteElo "1878"]
[BlackElo "2018"]
[PlyCount "36"]
[EventDate "2016.??.??"]
[WhiteTeam "SC Mühlhof-R'dorf"]
[BlackTeam "SW Nürnberg Süd"]

1. e4 c5 2. Nf3 Nc6 3. d4 cxd4 4. Nxd4 Nf6 5. Nc3 e6 6. Be2 Bb4 7. O-O Bxc3 8.
bxc3 Nxe4 9. Qd3 d5 10. Ba3 Qa5 11. Nb5 a6 12. Nd6+ Nxd6 13. Bxd6 Qd8 14. Qg3
Qf6 15. f4 Qg6 16. Qe3 Qe4 17. Qg3 Qg6 18. Qe3 Qe4 1/2-1/2

[Event "Kreis-Mitte-EM"]
[Site "Zirndorf"]
[Date "2016.01.03"]
[Round "3.3"]
[White "Junk, Philipp"]
[Black "Adelhütte, Dennis"]
[Result "0-1"]
[WhiteElo "1747"]
[BlackElo "1924"]
[PlyCount "44"]
[EventDate "2016.??.??"]
[WhiteTeam "SC  JÄKLECHEMIE"]
[BlackTeam "SC Jäklechemie"]

1. e4 e6 2. d4 d5 3. Nd2 Nf6 4. e5 Nfd7 5. c3 c5 6. Bd3 Nc6 7. Ne2 cxd4 8. cxd4
f6 9. exf6 Nxf6 10. O-O Bd6 11. Nf3 Qc7 12. Bd2 O-O 13. Nc3 a6 14. Rc1 Bd7 15.
Re1 h6 16. Na4 Ng4 17. h3 Bh2+ 18. Kf1 Nxf2 19. Qe2 Nxh3 20. Be3 Ng5 21. Nc5
Nxf3 22. gxf3 Qg3 0-1

[Event "Kreis-Mitte-EM"]
[Site "Zirndorf"]
[Date "2016.01.03"]
[Round "3.4"]
[White "Süß, Stefan"]
[Black "Wirth, Karl-Heinz"]
[Result "1-0"]
[WhiteElo "2002"]
[BlackElo "1758"]
[PlyCount "59"]
[EventDate "2016.??.??"]
[WhiteTeam "SC Noris-Tarrasch Nürnberg"]
[BlackTeam "SC Mühlhof-R'dorf"]

1. Nf3 d5 2. c4 Nf6 3. b3 g6 4. Bb2 Bg7 5. g3 O-O 6. Bg2 c5 7. cxd5 Nxd5 8.
Bxg7 Kxg7 9. O-O Nc6 10. Qc1 Qd6 11. Nc3 Nxc3 12. Qxc3+ Kg8 13. Rac1 b6 14. d4
Nxd4 15. Nxd4 cxd4 16. Qc7 Rb8 17. Qxd6 exd6 18. Rfd1 Ba6 19. Bf3 Rbc8 20. Rxc8
Rxc8 21. Rxd4 Rc1+ 22. Kg2 Rc2 23. Ra4 Bxe2 24. Rxa7 Kg7 25. Bxe2 Rxe2 26. Ra6
d5 27. a4 d4 28. Rxb6 Rb2 29. Kf3 d3 30. a5 1-0

[Event "Kreis-Mitte-EM"]
[Site "Zirndorf"]
[Date "2016.01.03"]
[Round "3.5"]
[White "Meulner, Fabian"]
[Black "Hannweber, Markus"]
[Result "0-1"]
[WhiteElo "1765"]
[BlackElo "1832"]
[PlyCount "86"]
[EventDate "2016.??.??"]
[WhiteTeam "SW Nürnberg Süd"]
[BlackTeam "SK Nürnberg 1911"]

1. d4 Nf6 2. c4 g6 3. Nc3 Bg7 4. e4 d6 5. Nf3 O-O 6. h3 e5 7. dxe5 dxe5 8. Qxd8
Rxd8 9. Bg5 Re8 10. Nd5 Nxd5 11. cxd5 f6 12. Be3 Bf8 13. Bc4 Kg7 14. Nd2 Bd7
15. O-O c6 16. Rac1 cxd5 17. Bxd5 Bc6 18. Rfd1 Bxd5 19. exd5 Na6 20. Nb3 b6 21.
Rc6 Red8 22. Na5 Rd7 23. d6 Rad8 24. Nc4 Kf7 25. Bxb6 axb6 26. Rxb6 Nc5 27. b4
Ne4 28. a4 Nxd6 29. Nxd6+ Bxd6 30. a5 Ke7 31. a6 f5 32. b5 Bc5 33. Rxd7+ Rxd7
34. Rc6 Rd1+ 35. Kh2 Bxf2 36. b6 Ra1 37. b7 Ba7 38. Rc8 g5 39. g3 Rxa6 40. Ra8
Ra2+ 41. Kh1 Rb2 42. Rh8 Kd6 43. Rxh7 Kc6 0-1

[Event "Kreis-Mitte-EM"]
[Site "Zirndorf"]
[Date "2016.01.03"]
[Round "3.6"]
[White "Rummel, Gerald"]
[Black "Leuschner, Günter"]
[Result "1-0"]
[WhiteElo "1732"]
[BlackElo "1746"]
[PlyCount "117"]
[EventDate "2016.??.??"]
[WhiteTeam "SC Anderssen Nbg."]
[BlackTeam "SW Nürnberg Süd"]

1. Nf3 Nf6 2. g3 d5 3. c4 d4 4. b4 Bf5 5. d3 Nbd7 6. Bg2 e5 7. a3 c6 8. Nbd2
Bd6 9. O-O O-O 10. Nb3 b6 11. Nh4 Be6 12. Bxc6 Rc8 13. Bg2 a5 14. bxa5 bxa5 15.
a4 Rb8 16. Bc6 Qb6 17. Bb5 Bh3 18. Re1 h6 19. e4 dxe3 20. Bxe3 Qc7 21. c5 Be7
22. c6 Nb6 23. Nc5 Ra8 24. f3 Nfd5 25. Bf2 Bxh4 26. gxh4 Qd6 27. Ne4 Qg6+ 28.
Bg3 f5 29. Nf2 f4 30. Nxh3 fxg3 31. Qe2 Qf5 32. Kg2 gxh2 33. Qe4 Qf6 34. Kxh2
Qxf3 35. Qxf3 Rxf3 36. Rxe5 Raf8 37. Rae1 Nf4 38. Nxf4 R3xf4 39. R5e4 Rf2+ 40.
Kg1 Rc2 41. Re8 Rc5 42. R8e5 Rxe5 43. Rxe5 Rf4 44. h5 Kf7 45. c7 Rb4 46. Be8+
Kf8 47. Rb5 Rxb5 48. Bxb5 Ke7 49. Ba6 Kd7 50. c8=Q+ Nxc8 51. Bxc8+ Kxc8 52. Kf2
Kd7 53. Kf3 Kd6 54. Ke4 Ke6 55. d4 g5 56. hxg6 Kf6 57. d5 Kxg6 58. Ke5 Kf7 59.
Kd6 1-0

[Event "Kreis-Mitte-EM"]
[Site "Zirndorf"]
[Date "2016.01.03"]
[Round "3.7"]
[White "Albayrak, Aylin"]
[Black "Wawor, Gerhard"]
[Result "0-1"]
[WhiteElo "1646"]
[BlackElo "1893"]
[PlyCount "140"]
[EventDate "2016.??.??"]
[WhiteTeam "Zabo-Eintracht Nürnberg"]
[BlackTeam "SK Nürnberg"]

1. d4 e6 2. c4 Bb4+ 3. Nc3 Nf6 4. Bg5 c5 5. d5 Bxc3+ 6. bxc3 d6 7. Nf3 e5 8. h3
Nbd7 9. e3 Qa5 10. Qc2 h6 11. Bh4 g5 12. Bg3 Ne4 13. Rc1 f5 14. Bh2 Ndf6 15.
Bd3 Bd7 16. O-O Ke7 17. Ne1 b5 18. f3 bxc4 19. Bxc4 Ba4 20. Bb3 Bxb3 21. axb3
Nxd5 22. fxe4 Nxe3 23. Qd3 Nxf1 24. Kxf1 fxe4 25. Qxe4 Qa3 26. Rb1 Rab8 27. Qc2
Rhf8+ 28. Nf3 Rf6 29. Ke2 Qa6+ 30. c4 Qb7 31. Ke3 a5 32. Qh7+ Ke6 33. Qxb7 Rxb7
34. Bg3 a4 35. Nd2 a3 36. Ra1 Ra7 37. Kd3 Rf8 38. Ra2 h5 39. Ne4 Rg8 40. Bf2 g4
41. h4 Rb8 42. Kc3 Rf8 43. b4 cxb4+ 44. Kxb4 Rb8+ 45. Kc3 Ra6 46. Be3 Ra4 47.
Bc1 Rc8 48. Nd2 d5 49. Kb3 Ra6 50. cxd5+ Kxd5 51. Bxa3 Rb6+ 52. Bb4 Kd4 53. Ra5
Rcb8 54. Ra4 e4 55. Nc4 R6b7 56. Na5 Rxb4+ 57. Rxb4+ Rxb4+ 58. Kxb4 e3 59. Nb3+
Kd3 60. Nc5+ Kc2 61. Kc4 e2 62. Nd3 Kd2 63. Kd4 e1=Q 64. Nxe1 Kxe1 65. Ke3 Kf1
66. g3 Kg2 67. Kf4 Kh3 68. Kg5 Kxg3 69. Kxh5 Kf3 70. Kg5 g3 0-1

[Event "Kreis-Mitte-EM"]
[Site "Zirndorf"]
[Date "2016.01.03"]
[Round "3.9"]
[White "Faralisz, Patrick"]
[Black "Walch, Roger"]
[Result "1-0"]
[WhiteElo "1825"]
[BlackElo "1617"]
[PlyCount "45"]
[EventDate "2016.??.??"]
[WhiteTeam "SC N-T Nürnberg"]
[BlackTeam "SW Nürnberg Süd"]

1. e4 e6 2. d4 d5 3. Nd2 a6 4. Bd3 c5 5. c3 Nc6 6. Ne2 cxd4 7. cxd4 Nf6 8. e5
Nd7 9. O-O Be7 10. Nf3 f6 11. exf6 Nxf6 12. Re1 O-O 13. Nf4 Qd6 14. Qe2 Ng4 15.
Ne5 Ngxe5 16. dxe5 Qc7 17. Qh5 Rf5 18. Bxf5 exf5 19. Nxd5 Qd8 20. Nxe7+ Qxe7
21. Bg5 Qe6 22. Rad1 g6 23. Qh6 1-0

[Event "Kreis-Mitte-EM"]
[Site "Zirndorf"]
[Date "2016.01.03"]
[Round "3.10"]
[White "Hahn, Thomas"]
[Black "Thürauf, Peter"]
[Result "1/2-1/2"]
[WhiteElo "1637"]
[BlackElo "1800"]
[PlyCount "50"]
[EventDate "2016.??.??"]
[WhiteTeam "Zabo-Eintracht Nürnberg"]
[BlackTeam "SW Nürnberg Süd"]

1. e4 c5 2. Nf3 e6 3. d4 cxd4 4. Nxd4 Nf6 5. Bd3 Nc6 6. c3 d6 7. Bg5 Be7 8. O-O
O-O 9. Nd2 e5 10. Nc2 a6 11. a4 Rb8 12. b4 Qc7 13. Ne3 Be6 14. Bxf6 Bxf6 15.
Nd5 Bxd5 16. exd5 Ne7 17. c4 e4 18. Nxe4 Bxa1 19. Qxa1 Ng6 20. c5 dxc5 21. Nxc5
Rbd8 22. Be4 Rd6 23. Rc1 Qe7 24. Re1 Qc7 25. Rc1 Qe7 1/2-1/2

[Event "Kreis-Mitte-EM"]
[Site "Zirndorf"]
[Date "2016.01.03"]
[Round "3.11"]
[White "Wieczorek, Heinz"]
[Black "Hestermann, Hans-Ludwig"]
[Result "1/2-1/2"]
[WhiteElo "1630"]
[BlackElo "1714"]
[PlyCount "57"]
[EventDate "2016.??.??"]
[WhiteTeam "SW Nürnberg Süd"]
[BlackTeam "Zabo-Eintracht N."]

1. e4 e6 2. d4 d5 3. Nd2 dxe4 4. Nxe4 Nd7 5. Nf3 b6 6. Bd3 Bb7 7. O-O Ngf6 8.
Ng3 h6 9. Re1 Be7 10. Qe2 O-O 11. Ne5 c5 12. dxc5 Nxe5 13. Qxe5 Bxc5 14. Be3
Ng4 15. Qf4 Nxe3 16. fxe3 Bd6 17. Qg4 Bxg3 18. Qxg3 Qf6 19. b3 e5 20. Rf1 Qe7
21. Rf5 e4 22. Bc4 Kh8 23. Raf1 f6 24. R5f4 Rad8 25. h3 Rd2 26. R4f2 Qd6 27.
Qxd6 Rxd6 28. h4 g6 29. Re1 1/2-1/2

[Event "Kreis-Mitte-EM"]
[Site "Zirndorf"]
[Date "2016.01.03"]
[Round "3.12"]
[White "Meyer, Robert"]
[Black "Babichev, Vyacheslav"]
[Result "1-0"]
[WhiteElo "1568"]
[BlackElo "1712"]
[PlyCount "119"]
[EventDate "2016.??.??"]
[WhiteTeam "SC Stein"]
[BlackTeam "SW Nürnberg Süd"]

1. d4 Nf6 2. Nf3 b6 3. g3 Bb7 4. Bg2 e6 5. O-O Be7 6. c4 O-O 7. Nc3 d6 8. Qc2
Nbd7 9. b3 a6 10. Bb2 Rb8 11. Ne1 Bxg2 12. Nxg2 d5 13. e4 dxe4 14. Nxe4 Ne8 15.
Rad1 Qc8 16. Qe2 Nd6 17. Nxd6 Bxd6 18. Rd3 Re8 19. Qf3 Nf6 20. Re1 c6 21. Rde3
Be7 22. Nf4 Rd8 23. Nxe6 fxe6 24. Rxe6 Bb4 25. Rxc6 Qh3 26. Ree6 Re8 27. d5
Rxe6 28. Rxe6 Ng4 29. Qg2 Qxg2+ 30. Kxg2 Bc5 31. Re2 Rf8 32. h3 Rxf2+ 33. Rxf2
Nxf2 34. b4 Be3 35. d6 Nd3 36. Bc3 Bg5 37. h4 Bd8 38. Kf3 Kf7 39. Ke4 Nc1 40.
a3 Ne2 41. Be5 Ke6 42. c5 bxc5 43. bxc5 Bf6 44. Bxf6 gxf6 45. g4 Nc3+ 46. Kd3
Nd5 47. Kd4 h6 48. d7 Kxd7 49. Kxd5 a5 50. h5 a4 51. c6+ Kc7 52. Kc5 Kc8 53.
Kb4 Kc7 54. Kb5 Kc8 55. Kxa4 Kb8 56. Kb5 Ka7 57. a4 Kb8 58. Kb6 Ka8 59. c7 f5
60. c8=Q# 1-0

[Event "Kreis-Mitte-EM"]
[Site "Zirndorf"]
[Date "2016.01.03"]
[Round "3.13"]
[White "Albayrak, Atilla"]
[Black "Effenberg, Michael"]
[Result "0-1"]
[WhiteElo "1387"]
[BlackElo "1673"]
[PlyCount "74"]
[EventDate "2016.??.??"]
[WhiteTeam "Zabo-Eintracht Nürnberg"]
[BlackTeam "SC  JÄKLECHEMIE"]

1. d4 d5 2. c4 e6 3. Nc3 Nf6 4. Bf4 c5 5. dxc5 Bxc5 6. e3 O-O 7. Nf3 Qb6 8. Rb1
Rd8 9. Qb3 Qxb3 10. axb3 Nc6 11. Bg5 Be7 12. Be2 h6 13. Bh4 g5 14. Bg3 Ne4 15.
Nxe4 dxe4 16. Ne5 Bb4+ 17. Kf1 Na5 18. Rd1 Rxd1+ 19. Bxd1 f6 20. Ng6 Kg7 21.
Bh5 e5 22. Ne7 Bxe7 23. Ke2 Be6 24. Rd1 Nxb3 25. f4 Bxc4+ 26. Kf2 exf4 27. exf4
Bc5+ 28. Ke1 e3 29. Rd7+ Kg8 30. Rxb7 Rd8 31. fxg5 Na5 32. Rb8 Rxb8 33. Bxb8
Bb4+ 34. Kd1 Nc6 35. Bf4 Bd2 36. Kc2 Nd4+ 37. Kd1 Bb3# 0-1

[Event "Kreis-Mitte-EM"]
[Site "Zirndorf"]
[Date "2016.01.03"]
[Round "3.14"]
[White "Nüßlein, Christian"]
[Black "Albayrak, Nese Pinar"]
[Result "1-0"]
[WhiteElo "1649"]
[BlackElo "902"]
[PlyCount "71"]
[EventDate "2016.??.??"]
[WhiteTeam "SGem Nürnberg 1978"]
[BlackTeam "Zabo-Eintracht Nürnberg"]

1. e4 e5 2. Nf3 Nc6 3. Bb5 a6 4. Ba4 b5 5. Bb3 Nf6 6. O-O Bc5 7. c3 d5 8. d4
Be7 9. exd5 Nxd5 10. dxe5 Be6 11. Re1 O-O 12. Bc2 Bg4 13. Qd3 g6 14. Rd1 Be6
15. Bh6 Re8 16. Nbd2 Bc5 17. Ne4 Qe7 18. Nxc5 Qxc5 19. Qe2 Rad8 20. a4 Bg4 21.
h3 Bxf3 22. Qxf3 Nxe5 23. Qg3 bxa4 24. Bxa4 c6 25. Bb3 Re7 26. Bxd5 cxd5 27.
Bg5 h5 28. Bxe7 Qxe7 29. Re1 f6 30. Kh1 Qd6 31. f4 Nc4 32. Qxg6+ Kf8 33. f5
Nxb2 34. Re6 Qd7 35. Rxf6+ Qf7 36. Qxf7# 1-0

[Event "Kreis-Mitte-EM"]
[Site "Zirndorf"]
[Date "2016.01.03"]
[Round "3.15"]
[White "Herbst, Thomas"]
[Black "Weißmann, Peter"]
[Result "1-0"]
[WhiteElo "1837"]
[BlackElo "1687"]
[PlyCount "81"]
[EventDate "2016.??.??"]
[WhiteTeam "SK Nürnberg 1911"]
[BlackTeam "SK Zirndorf"]

1. c4 c5 2. Nf3 Nc6 3. d4 cxd4 4. Nxd4 g6 5. e4 Bg7 6. Be3 d6 7. Nc3 Nf6 8. Be2
O-O 9. O-O Bd7 10. Qd2 Ng4 11. Bxg4 Bxg4 12. f3 Bd7 13. Rac1 Nxd4 14. Bxd4 Be6
15. b3 Qa5 16. Rfd1 Bxd4+ 17. Qxd4 Qc5 18. Nd5 Bxd5 19. cxd5 Qxd4+ 20. Rxd4
Rfc8 21. Rdc4 Rxc4 22. Rxc4 Kf8 23. Kf2 Ke8 24. Ke3 Kd7 25. Kd4 b5 26. Rc6 e5+
27. Kc3 f5 28. Kb4 fxe4 29. fxe4 Rf8 30. Kxb5 Rf4 31. Ra6 Rxe4 32. Rxa7+ Ke8
33. Kc6 Re2 34. Kxd6 e4 35. a4 Rxg2 36. Rxh7 Rb2 37. Re7+ Kd8 38. Rxe4 Rxb3 39.
h4 Rb6+ 40. Kc5 Rf6 41. Re6 1-0

[Event "Kreis-Mitte-EM"]
[Site "Zirndorf"]
[Date "2016.01.03"]
[Round "3.16"]
[White "Münzenberg, Dietrich"]
[Black "Diebel, Günter"]
[Result "0-1"]
[WhiteElo "1627"]
[BlackElo "1700"]
[PlyCount "106"]
[EventDate "2016.??.??"]
[WhiteTeam "Zabo-Eintracht N."]
[BlackTeam "SW Nürnberg Süd"]

1. d4 d5 2. Bg5 h6 3. Bh4 Nc6 4. e3 a6 5. Nd2 g5 6. Bg3 Bg7 7. c4 e5 8. cxd5
Qxd5 9. Qf3 Qxf3 10. Ngxf3 exd4 11. e4 g4 12. Nh4 Be5 13. f4 gxf3 14. Nhxf3 f6
15. Nxe5 Nxe5 16. Bxe5 fxe5 17. Nc4 Nf6 18. Bd3 Nd7 19. O-O b5 20. Na5 Nc5 21.
Rad1 Be6 22. Bb1 Kd7 23. b4 Na4 24. Nb3 Bxb3 25. axb3 Nc3 26. Rd3 Raf8 27. Rdf3
Rxf3 28. gxf3 Rg8+ 29. Kf2 Kd6 30. Bd3 Na2 31. Ra1 Nxb4 32. Bf1 c5 33. h4 Kc6
34. Bh3 Kb6 35. Be6 Rg7 36. h5 Nd3+ 37. Kf1 Nf4 38. Bg4 a5 39. Kf2 Ra7 40. Ke1
a4 41. bxa4 Rxa4 42. Rb1 c4 43. Bd7 Ra5 44. Kd2 Nxh5 45. Kc2 Kc5 46. Rh1 Nf4
47. Rxh6 d3+ 48. Kb2 b4 49. Rc6+ Kd4 50. Rd6+ Ke3 51. Rb6 d2 52. Rd6 Nd3+ 53.
Kc2 b3+ 0-1

[Event "Kreis-Mitte-EM"]
[Site "Zirndorf"]
[Date "2016.01.03"]
[Round "3.17"]
[White "Müller, Ludwig"]
[Black "Kocak, Ediz"]
[Result "0-1"]
[WhiteElo "1679"]
[BlackElo "1567"]
[PlyCount "150"]
[EventDate "2016.??.??"]
[WhiteTeam "SGem Nürnberg 1978"]
[BlackTeam "SW Nürnberg Süd"]

1. Nf3 Nf6 2. c4 c6 3. Nc3 d5 4. e3 Bg4 5. h3 Bh5 6. Be2 Nbd7 7. d4 e6 8. a3
Bd6 9. c5 Bc7 10. O-O O-O 11. b4 e5 12. Bb2 e4 13. Nd2 Bxe2 14. Nxe2 Re8 15.
Ng3 g6 16. f4 exf3 17. Rxf3 Qb8 18. Ndf1 Re7 19. Qd2 Qf8 20. Qf2 Ne4 21. Nxe4
Rxe4 22. Ng3 Re7 23. Rf1 Rae8 24. Bc1 Bxg3 25. Qxg3 Kh8 26. h4 f5 27. h5 Qg8
28. hxg6 hxg6 29. Qg5 Rh7 30. Rg3 Rg7 31. Qh6+ Qh7 32. Qg5 Qg8 33. Kf2 Qf7 34.
Rh1+ Rh7 35. Rxh7+ Kxh7 36. Rh3+ Kg8 37. Qh6 Qg7 38. Kf3 Nf6 39. Qxg7+ Kxg7 40.
Bd2 Ne4 41. Ke2 Rh8 42. Rxh8 Kxh8 43. Be1 Kg7 44. Kf3 Kf6 45. g4 fxg4+ 46. Kxg4
g5 47. a4 Ke6 48. b5 cxb5 49. axb5 a6 50. bxa6 bxa6 51. Bb4 Kd7 52. Kf5 Kc6 53.
Ke5 g4 54. Kf4 g3 55. Kf3 Kb5 56. Be1 a5 57. c6 a4 58. c7 Nd6 59. Bc3 Kc6 60.
Kxg3 Kxc7 61. Bb4 Nb5 62. Kf4 Kc6 63. e4 Nc7 64. exd5+ Nxd5+ 65. Ke4 Nxb4 66.
d5+ Nxd5 67. Kd3 Kb5 68. Kc2 Kc4 69. Kb2 Kb4 70. Ka2 a3 71. Ka1 Kb3 72. Kb1 Ne3
73. Ka1 Nc2+ 74. Kb1 a2+ 75. Kc1 a1=Q+ 0-1

[Event "Kreis-Mitte-EM"]
[Site "Zirndorf"]
[Date "2016.01.03"]
[Round "3.18"]
[White "Berg, Winfried"]
[Black "Lingl, Peter"]
[Result "1-0"]
[WhiteElo "1631"]
[BlackElo "1449"]
[PlyCount "43"]
[EventDate "2016.??.??"]
[WhiteTeam "SW Nürnberg Süd"]
[BlackTeam "SC  JÄKLECHEMIE"]

1. e4 e5 2. d4 exd4 3. Bc4 Nc6 4. Nf3 h6 5. Nxd4 Bc5 6. Nxc6 Qf6 7. O-O Qxc6 8.
Nc3 Bxf2+ 9. Rxf2 Qxc4 10. Qf3 c6 11. Bf4 Qe6 12. Rd1 Nf6 13. Bd6 Qg4 14. Qd3
a5 15. Rf4 Qe6 16. Rf5 Ng4 17. Rdf1 f6 18. Qd4 h5 19. h3 Nh6 20. Rxf6 gxf6 21.
Rxf6 Qg8 22. Qe5+ 1-0